Common Hairstyles by Picture Quiz Stats

Quiz Updated Feb 28, 2015

Challenge
Share
Tweet
Score 0/20 Timer 03:00
2 Plays Today
% Correct
Afro
95.7%
Ponytail
94.2%
Mohawk
92.5%
Pigtails
92%
Dreadlocks
91.8%
Bun
90.9%
Fishtail braid
90.6%
Mullet
87.6%
Buzz cut
87.3%
Bowl cut
85.6%
% Correct
Comb over
80.2%
Cornrows
76.6%
Bob
69.5%
Beehive
67.9%
Rat tail
60.6%
Pixie cut
51.7%
Flattop
50.4%
Hi-top fade
35.6%
Pompadour
32%
Faux hawk
30.2%

You're not logged in!

Compare scores with friends on all Sporcle quizzes.
Join for Free
OR
Log In

You Might Also Like...

Show Comments

Extras

Top Quizzes Today


Score Distribution

Your Account Isn't Verified!

In order to create a playlist on Sporcle, you need to verify the email address you used during registration. Go to your Sporcle Settings to finish the process.

Report this User

Report this user for behavior that violates our Community Guidelines.

Details: